00433nam a2200157Ia 4500003000400000008004100004040001600045082001600061100002100077245006300098260003900161300001000200650002500210650001300235650002700248GCL140319s9999 xx 000 0 eng d aGCL / cGCL04a370.15bK L1 aKLEIN, STEPHEN B10aLEARNING: PRINCIPLES AND APPLICATIONS / cKLEIN, STEPHEN B a[S.N] : bMC GRAW - HILL ، c1996 a621 P04aCONDITIONED RESPONSE04aLEARNING04aEDUCATIONAL PSYCHOLOGY